Inachevés - Casseurs Flowters - [Paroles 2/2] - Statistiques

Statistiques générales
  • Ce quiz a été pris 16 fois
  • Le résultat moyen est 214 sur 294
Statistiques - réponses
Paroles % Correct
me
100%
à
88%
À
88%
ça
88%
"ça
88%
cabine
88%
dans
88%
de
88%
dit
88%
en
88%
fini
88%
finir
88%
inachevée.
88%
jamais
88%
j'dois
88%
j'me
88%
la
88%
La
88%
88%
le
88%
les
88%
l'histoire
88%
lui
88%
ma
88%
mes
88%
mort
88%
papiers"
88%
pas
88%
pas,
88%
pluie
88%
porte,
88%
Si
88%
si
88%
sous
88%
ta
88%
"t'es
88%
ans
75%
ascension
75%
au
75%
besoin
75%
C'est
75%
c'est
75%
cette
75%
chose
75%
d'après
75%
d'chanson
75%
dire
75%
d'rapper"
75%
du
75%
et
75%
Et
75%
fait
75%
fait,
75%
"ferme
75%
fond
75%
frappe
75%
gueule
75%
j'abandonne
75%
j'ai
75%
J'ai
75%
j'commence
75%
J'partirai
75%
l'abandon
75%
laissant
75%
laisse-moi
75%
mais
75%
Mais
75%
même
75%
moi,
75%
mon
75%
monde
75%
n'arrivent
75%
on
75%
75%
Ou
75%
par
75%
parle
75%
partir
75%
passer
75%
passer"
75%
plus
75%
pour
75%
première
75%
p'tits
75%
putain
75%
quand
75%
que
75%
qui
75%
quinze
75%
qu'on
75%
qu'tout
75%
reste
75%
rêves
75%
rien
75%
rien,
75%
sans
75%
se
75%
seule
75%
sur
75%
t'écoutes
75%
Tu
75%
tu
75%
une
75%
va
75%
veines
75%
vie
75%
absences
63%
Alors
63%
après,
63%
avec
63%
backer
63%
bas,
63%
battre
63%
cassée
63%
chance
63%
choix
63%
cinquante
63%
coeur
63%
commence
63%
confondre
63%
d'affronter
63%
d'arrêter,
63%
d'claquer
63%
d'écrire
63%
derniers
63%
des
63%
déshydraté
63%
détente,
63%
dis-lui
63%
Dis-lui
63%
d'jarter,
63%
Donc
63%
doutes,
63%
d'tout
63%
explose,
63%
faiblesses
63%
failles
63%
faire
63%
final
63%
flows
63%
foutre
63%
heure
63%
j'arrête
63%
j'dis
63%
j'lâcherai
63%
j'laisse
63%
J'mérite
63%
j'rapperai
63%
J'te
63%
j'te
63%
l'air
63%
laisser
63%
l'envie
63%
Long
63%
longueur
63%
maintenant
63%
médaille,
63%
médiocrité
63%
merde
63%
mesure
63%
millièmes
63%
misé
63%
parles
63%
passées;
63%
passions
63%
patience
63%
pendant
63%
personnes
63%
peur
63%
piges
63%
plein
63%
presque
63%
qu'briller
63%
quelques
63%
revenir
63%
secondes
63%
sentir
63%
spirale
63%
tellement
63%
tête
63%
vers
63%
vide,
63%
vitre
63%
bête
50%
dorment
50%
d'rappeler
50%
d'venir
50%
faut
50%
galanterie
50%
J'finirai
50%
jusqu'à
50%
J'veux
50%
mauvais
50%
m'entaillant
50%
meurent
50%
on s'tire
50%
pointe,
50%
quoi ?
50%
renonces,
50%
vieillir
50%
barre
38%
blasé,
38%
choisis
38%
s'y
38%
t'as
38%
d'acide
25%
vite
13%
Aucun quiz correspondant
Distribution des résultats
% des personnes avec chaque résultat
Percentile par nombre de réponses
Votre historique - résultats
Vous n’avez pas pris ce quiz